000 00562nam a2200241 a 4500
001 nice12345678
003 IN_TiNIC
005 20260116011617.0
008 050524s1962 dela grp 000 0 urd
020 _a
_c2.5
082 0 0 _a891.41
_bAKH4
100 _aAkhlaq Delhavi,
245 _aFann-E-Shairi
260 _aDelhi
_bAnjuman Taraqqi-E-Urdu
_c1962
300 _a192p
500 _aincludes index and biblioraphy
505 2 _aindex
650 _aUrdu-Poetry
700 1 _aAkhlaq Delhavi,
902 _bSRS
942 _cBK
999 _c2883
_d2883